| 000 | 02767nam0a2200337 4500 | ||
|---|---|---|---|
| 001 | RU\NLR\BIBL_A\016238277 | ||
| 005 | 20250625005031.0 | ||
| 010 |
_a978-5-04-159766-5 _95000 |
||
| 021 |
_aRU _b2022-82816 _9КН-П-7290 |
||
| 035 | _a(RuMoRGB)011406166 | ||
| 035 | _a(NLR Aleph) 016238277 | ||
| 090 |
_a12789311 _c12789311 |
||
| 100 | _a20221214d2022 |||y0rusy50 ca | ||
| 101 | 1 |
_arus _ceng |
|
| 102 | _aRU | ||
| 105 | _ay z 000ay | ||
| 181 | 0 |
_ai4 _baxxe |
|
| 182 | 1 | _an | |
| 200 | 1 |
_aЖестокие духи _fКэт Чо _gперевод с английского Ирины Скокло |
|
| 203 |
_aТекст _bвизуальный _cнепосредственный |
||
| 210 |
_aМосква _cЭксмо _d2022 |
||
| 215 |
_a444, [1] с. _d21 |
||
| 330 | _aПосле всего случившегося только Сомин готова помочь своим друзьям собрать осколки разбитых жизней и исцелиться. Но Джихун все еще оплакивает свою бабушку, а Миён скорбит о смерти матери. К тому же Миён теперь должна научиться жить без своей лисьей бусины. Единственный, кто, кажется, готов двигаться вперед, - это всеобщий любимец, токкэби Чуну. Сомин и Чуну не сразу удается найти общий язык: он кажется Сомин высокомерным корыстным аферистом, а ее враждебность забавляет Чуну. До тех пор, пока Чуну не осознает, что его необъяснимым образом тянет к Сомин. Ей тоже не удается скрыть свое влечение. Пока они пытаются разобраться в своих чувствах, Сеул внезапно наводняют призраки: потеря лисьей бусины Миён вызвала разрыв между мирами живых и мертвых. Единственный способ закрыть источник - найти пропавшую бусину. Или заставить Миён заплатить своей жизнью. Удастся ли Чуну и Сомин побороть разногласия и найти иной путь спасения? | ||
| 333 | _a16+ | ||
| 686 | 1 | _aШ6(7США)67-445{Лх1979-62} | |
| 700 | 1 |
_7ca _8rus _aЧо _bК. _gКэт _9237601 _3RU\NLR\AUTH\770237657 |
|
| 942 | _cBOOK | ||
| 980 | _aNB | ||